000 00660nam a22001937a 4500
003 OSt
005 20251217030048.0
008 251217b |||||||| |||| 00| 0 eng d
020 _a0-07-116145-7
040 _aDWC-Main lib
_cOC
082 _23rd edition
_aCirc. 621.310 C466 1999
100 _aChapman, S.
245 _aElectric machinery fundamentals
_cChapman, Stephen J.
250 _a3rd edition
260 _aSingapore :
_bWCB/McGraw-Hill,
_cc1998
300 _axviii, 716 pages :
_b illustration ;
_c 23 cm.
650 _2Electronic machinery
942 _2ddc
_cBK-CIRC
_e3rd edition
_hCirc. 621.310 C466 1999
_kCirc.
_n0
999 _c7158
_d7158